000 00712nam a2200241 4500
003 OSt
005 20240614002418.0
006 a
008 240614b |||||||| |||| 00| 0 eng d
020 _a9789812533326
040 _aDWCL-Main lib.
_cOC
082 _2Eighth edition
_aCirc. 620.11 C162m 2011
100 _aCallister, William D. Jr.
245 _aMaterials science and engineering /
250 _aEighth edition
260 _aSingapore :
_bJohn Wiley & Sons,
_cc2011.
300 _axx,
_b885 p. : ill. ;
_c23 cm.
504 _aIncludes index.
650 _a1. Materials science.
650 _a2. Materials.
700 _aWilliam D. Jr. Callister
942 _2ddc
_n0
_cBK-CIRC
_eEighth edition
_kCirc.
999 _c651
_d651